Normal view
MARC view
- Business enterprises
Entry Topical Term
001 - CONTROL NUMBER
- control field: 12432
003 - CONTROL NUMBER IDENTIFIER
- control field: NUST
005 - DATE AND TIME OF LATEST TRANSACTION
- control field: 20181030112832.0
008 - FIXED-LENGTH DATA ELEMENTS
- fixed length control field: 181030|| aca||aabn | a|a d
040 ## - CATALOGING SOURCE
- Original cataloging agency: NUST
- Transcribing agency: NUST
150 ## - HEADING--TOPICAL TERM
- Topical term or geographic name entry element: Business enterprises
- General subdivision: Communication systems.
670 ## - SOURCE DATA FOUND
- Source citation: Work cat.: (NUST)0: Dixon, Nancy M., 1937- 12430, Common knowledge :, c2000.
